Statistiques concernant Les gares les plus grandes de France

Cliquez ici pour prendre le quiz!

Statistiques générales

  • Ce quiz a été pris 523 fois
  • Le résultat moyen est 20 sur 31

Statistiques - réponses

Nombre de voyageursGare% Correct
292,481Gare du Nord
97%
148,16Gare de Lyon
92%
13,664Gare de Marseille-Saint-Charles
90%
54,888Gare Montparnasse
90%
16,081Gare de Bordeaux-Saint-Jean
87%
37,831Gare de l'Est
84%
20,17Gare de Strasbourg-Ville
82%
8,415Gare de Nice-Ville
81%
8,712Gare de Toulouse-Matabiau
81%
10,419Gare de Rennes
79%
11,811Gare de Nantes
78%
7,123Gare de Montpellier-Saint-Roch
77%
109,678Gare Saint-Lazare
75%
21,83Gare d'Austerlitz
73%
32,538Gare de Lyon-Part-Dieu
71%
5,798Gare de Dijon-Ville
62%
7,035Gare de Metz-Ville
61%
7,582Gare de Nancy-Ville
59%
5,678Gare de Lyon-Perrache
57%
5,808Gare de Rouen-Rive-Droite
57%
19,284Gare de Lille-Flandres
56%
7,058Gare de Grenoble
55%
6,938Gare de Lille-Europe
55%
5,372Gare d'Angers-Saint-Laud
50%
5,244Gare d'Amiens
40%
5,055Gare de Mulhouse-Ville
39%
11,998Gare de Marne-la-Vallée - Chessy
34%
14,009Gare de Massy - Palaiseau
34%
7,686Gare de l'aéroport Charles-de-Gaulle 1
30%
14,812Gare de l'aéroport Charles-de-Gaulle 2 TGV
30%
20,096Gare de Versailles-Chantiers
28%

Distribution des résultats

Percentile par nombre de réponses

% des personnes avec chaque résultat

Votre développement - résultats

Vous n’avez pas pris ce quiz